000 01741nam a22005417a 4500
003 OSt
005 20260408104254.0
007 ta
008 260408s2025 ag ||||| |||| 00| 0 spa d
020 _a9786313200153
040 _ccj catamarca
082 _a343.26 M754
100 1 0 _9310
_aMonsalve, Maria Jimena
_ecoord.
245 1 0 _aEjecucion de la pena privativa de la libertad:
_bLey 24.660. Incluye reformas de las leyes 25.948, 26.472, 26.695, 26.813 y 27.375
250 _a1º ed.
260 _aBuenos Aires:
_bHammurabi,
_c2025
300 _a506 p.
_c23 cm
490 _aLeyes penales especiales
_v6
500 _aINVENTARIO Nº 8148
650 7 _2SAIJ
653 _aDERECHO PROCESAL PENAL
653 _aEJECUCION DE LA PENA PRIVATIVA
653 _aLEY 24.660
653 _aEJECUCION-PRINCIPIOS
653 _aSALIDAS TRANSITORIAS
653 _aLIBERTAD CONDICIONAL
653 _aPRISION DOMICILIARIA
653 _aTRABAJOS-COMUNIDAD
653 _aLIBERTAD ASISTIDA
653 _aEJECUCION-EXCEPCIONES
653 _aALOJAMIENTO-TRATO
653 _aALOJAMIENTO-DISCIPLINA
653 _aALOJAMIENTO-CONDUCTA
653 _aALOJAMIENTO-TRABAJO
653 _aEDUCACION
653 _aASISTENCIA MEDICA
653 _aASISTENCIA ESPIRITUAL
653 _aASISTENCIA SOCIAL
653 _aASISTENCIA POST PENITENCIARIA
653 _aPATRONATO-LIBERADOS
653 _aESTABLECIMIENTO-MUJER
653 _aESTABLECIMIENTO-JOVENES ADULTOS
653 _aESTABLECIMIENTO-PERSONAL
700 1 0 _9311
_aCabrera, Florencia S.
_ecoord.
700 1 0 _9312
_aArmendia, Patricia Mariela
_eet.al
856 _uhttps://drive.google.com/file/d/1A_w65CYfDWeK99Z5sHClVWhvxPAk2DPM/view?usp=sharing
942 _2ddc
_cBK
_n0
999 _c6525
_d6525